00370nam a2200133Ia 4500003000900000008004100009040003300050041000800083080001300091100003200104245003700136260004100173300002200214LK-CoDNM010623t1998 xxu||||| |||| 00| 1 eng d aLK-CoDNMdLK-CoDNMeLK-CoDNM aeng ax 82 GOO aGoonetilleke, D.C.R.A.eed. aSri Lankan literature in English bDepartment of Cultural affairsc1998 b(xviii)285, 22 cm